El extranjero /
«Mamá se ha muerto hoy. O puede que ayer, no lo sé.» Publicada originalmente en 1942, El extranjero es la primera novela de Albert Camus y una de sus obras más emblemáticas. Ahora con nueva traducción al español de María Teresa Gallego Urrutia y Amaya García Gallego, este libro capital para la cultu...
Guardado en:
| Autor Principal: | |
|---|---|
| Formato: | Libro |
| Idioma: | Undetermined |
| Publicado: |
Booket,
2009.
|
| Edición: | 1era ed. |
| Series: | Novela
|
| Materias: | |
| Etiquetas: |
Agregar Etiqueta
Sin Etiquetas, Sea el primero en etiquetar este registro!
|
| LEADER | 01729nam a22002055a 4500 | ||
|---|---|---|---|
| 001 | CEM.cems025242 | ||
| 008 | 260623s2009####xx############000#0#und#d | ||
| 005 | 20260623123147.0 | ||
| 245 | 1 | 0 | |a El extranjero / |c Albert Camus. |
| 250 | |a 1era ed. | ||
| 260 | |a Booket, |c 2009. | ||
| 300 | |a 160 p. ; |c 20 cm. | ||
| 490 | 1 | |a Novela | |
| 520 | |a «Mamá se ha muerto hoy. O puede que ayer, no lo sé.» Publicada originalmente en 1942, El extranjero es la primera novela de Albert Camus y una de sus obras más emblemáticas. Ahora con nueva traducción al español de María Teresa Gallego Urrutia y Amaya García Gallego, este libro capital para la cultura del siglo XX transcurre en Argelia y narra la anodina vida de Meursault, un joven oficinista que vive en perpetua apatía. Cuando recibe la noticia del fallecimiento de su madre, la encaja con la mayor impasibilidad. Obligado a abandonar la capital y viajar para asistir al funeral, Meursault desea que la ceremonia sea breve para regresar a su casa. Esa indiferencia existencial marca sus días, avanzando sin reaccionar a la muerte de su madre, al afecto de su amada y ni tan siquiera a un crimen que cometerá con idéntica desidia, incapaz de ver el alcance moral de sus actos. Camus retrata magistralmente la indolencia del hombre del siglo XX, un hombre que no encuentra su lugar, extranjero en su propio mundo. Este personaje escéptico y desapasionado que ha abandonado su condición de sujeto autónomo sigue siendo hoy un imprescindible referente literario y existencial. | ||
| 020 | |a 9789875802469 | ||
| 100 | 1 | |a Camus, Albert, |d 2009. | |
| 082 | 0 | 4 | |a 843.9 |
| 653 | |a Novela | ||
| 653 | |a Literatura Francesa | ||
| 859 | |a CEMS |b BIB. CEMS - Agricultura |h 843.9 |i C159 |p A4189.26 |t Ej.1 | ||
